Household mobility expectations and estimates of local housing demand (Record no. 114582)
[ view plain ]
| 000 -LEADER | |
|---|---|
| fixed length control field | 00996cad a22002535a 4500 |
| 001 - CONTROL NUMBER | |
| control field | L157084 |
| 008 - FIXED-LENGTH DATA ELEMENTS--GENERAL INFORMATION | |
| fixed length control field | 120829s2012 xxk f 000 0 eng d |
| 020 ## - INTERNATIONAL STANDARD BOOK NUMBER | |
| International Standard Book Number | 9781842198216 |
| 035 ## - SYSTEM CONTROL NUMBER | |
| System control number | (Sirsi) u157084 |
| 041 0# - LANGUAGE CODE | |
| Language code of text/sound track or separate title | eng |
| 100 1# - MAIN ENTRY--PERSONAL NAME | |
| Personal name | Watkins, Craig |
| 245 00 - TITLE STATEMENT | |
| Title | Household mobility expectations and estimates of local housing demand |
| Medium | [electronic resource] |
| 260 ## - PUBLICATION, DISTRIBUTION, ETC. | |
| Place of publication, distribution, etc. | London |
| Name of publisher, distributor, etc. | RICS |
| Date of publication, distribution, etc. | 2012 |
| 490 #0 - SERIES STATEMENT | |
| Series statement | RICS Research |
| 520 ## - SUMMARY, ETC. | |
| Summary, etc. | Looks at the relationship between stated and revealed preferences in relation to moving house, and seeks to identify those households whose stated preferences are most likely to come to fruition. |
| 651 #4 - SUBJECT ADDED ENTRY--GEOGRAPHIC NAME | |
| Geographic name | United Kingdom |
| Chronological subdivision | |
| 690 ## - LOCAL SUBJECT ADDED ENTRY--TOPICAL TERM (OCLC, RLIN) | |
| Topical term or geographic name as entry element | Residential property |
| 9 (RLIN) | 6266 |
| 700 1# - ADDED ENTRY--PERSONAL NAME | |
| Personal name | Ferrari, Ed |
| 700 1# - ADDED ENTRY--PERSONAL NAME | |
| Personal name | Laughlin, Danielle Leahy |
| 700 1# - ADDED ENTRY--PERSONAL NAME | |
| Personal name | Aldridge, Mark |
| 700 1# - ADDED ENTRY--PERSONAL NAME | |
| Personal name | White, Michael |
| 856 40 - ELECTRONIC LOCATION AND ACCESS | |
| Uniform Resource Identifier | <a href="https://www.rics.org/Global/Downloads/Housing_Mobility_220212_dwl_aj.pdf">https://www.rics.org/Global/Downloads/Housing_Mobility_220212_dwl_aj.pdf</a> |
| Public note | View the main report free of charge at www.rics.org |
| 942 ## - ADDED ENTRY ELEMENTS (KOHA) | |
| Suppress in OPAC | 0 |
| Withdrawn status | Lost status | Source of classification or shelving scheme | Damaged status | Not for loan | Home library | Current library | Shelving location | Date acquired | Total Checkouts | Full call number | Barcode | Date last seen | Copy number | Price effective from | Koha item type |
|---|---|---|---|---|---|---|---|---|---|---|---|---|---|---|---|
| Dewey Decimal Classification | Virtual | Virtual | Online | 29/08/2012 | ONLINE PUBLICATION | 157084-2001 | 06/08/2019 | 1 | 06/08/2019 | Book |